Applied functional analysis : applications to mathematical physics (Record no. 554520)
[ view plain ]
| 000 -LEADER | |
|---|---|
| fixed length control field | 00376nam a22001337a 4500 |
| 020 ## - INTERNATIONAL STANDARD BOOK NUMBER | |
| International Standard Book Number | 9781461269106 |
| 082 ## - DEWEY DECIMAL CLASSIFICATION NUMBER | |
| Classification number | 515.7 ZEI |
| 100 ## - MAIN ENTRY--PERSONAL NAME | |
| Personal name | Zeidler, Eberhard |
| 245 ## - TITLE STATEMENT | |
| Title | Applied functional analysis : applications to mathematical physics |
| 260 ## - PUBLICATION, DISTRIBUTION, ETC. | |
| Place of publication, distribution, etc. | New York |
| Name of publisher, distributor, etc. | Springer |
| Date of publication, distribution, etc. | 1995 |
| 300 ## - PHYSICAL DESCRIPTION | |
| Extent | 481p |
| 942 ## - ADDED ENTRY ELEMENTS (KOHA) | |
| Source of classification or shelving scheme | |
| Koha item type | Book |
| Withdrawn status | Lost status | Source of classification or shelving scheme | Damaged status | Not for loan | Permanent Location | Current Location | Date acquired | Source of acquisition | Total Checkouts | Full call number | Barcode | Date last seen | Date last checked out | Price effective from | Koha item type |
|---|---|---|---|---|---|---|---|---|---|---|---|---|---|---|---|
| Central Library (CL) | Central Library (CL) | 04/13/2021 | Progressive International Agencies Pvt. Ltd. | 1 | 515.7 ZEI | CL-525 | 07/18/2024 | 06/04/2023 | 04/13/2021 | Book |
